000 00540nam a2200133Ia 4500
008 171212s9999 xx 000 0 und d
020 _a9781921666148
100 _aFisher, J. L.
245 _cFisher, J. L.
_aPioneers, Settlers, Aliens, Exiles
_bThe decolonisation of white identity in Zimbabwe
260 _bANU E Press
_c2010
650 _aDecolonization -- Zimbabwe; Whites -- Zimbabwe; Zimbabwe -- Politics and government -- 1980–; Zimbabwe -- Race relations
650 _aHistory
856 _uwww.jstor.org/stable/10.2307/j.ctt24hd4n
999 _c351256
_d351256